Cuadernos 6 (VIII) 1930-1932: Miscelánea /
Uloženo v:
| Hlavní autor: | |
|---|---|
| Médium: | Text |
| Tagy: |
Přidat tag
Žádné tagy, Buďte první, kdo vytvoří štítek k tomuto záznamu!
|
MARC
| LEADER | 00000 a a2200000 04500 | ||
|---|---|---|---|
| 001 | 45607 | ||
| 003 | |||
| 040 | |||
| 020 | |a 968-411-076-6 | ||
| 090 | |a 03.03.01 G747 T3 | ||
| 100 | |a Gramsci, A | ||
| 245 | |a Cuadernos 6 (VIII) 1930-1932: |b Miscelánea / |c Antonio Gramsci | ||
| 773 | |g (1984), Páginas 11-140 | ||
| 999 | |c 18298 |d 18298 | ||



